Impakty umelej inteligencie v športovom cestovnom ruchu bakalárska práca

Na minha lista:
Detalhes bibliográficos
Autor principal: Beťková, Jana
Autor Corporativo: Obchodná fakulta EU. Katedra cestovného ruchu
Outros Autores: Fodranová, Iveta, 1959-
Formato: Livro
Idioma:eslovaco
Publicado em: Bratislava 2025
Tags: Adicionar Tag
Sem tags, seja o primeiro a adicionar uma tag!

MARC

LEADER 00000nbm a2200000 4500
001 0311103
005 20251112124552.7
041 0 |a slo 
044 |a SK 
245 1 0 |a Impakty umelej inteligencie v športovom cestovnom ruchu  |b bakalárska práca  |c Jana Beťková ; školiteľ: Iveta Fodranová 
264 1 |a Bratislava  |c 2025 
300 |a 44 s. 
100 1 |a Beťková, Jana 
700 1 |a Fodranová, Iveta, 1959- 
710 2 |a Obchodná fakulta EU. Katedra cestovného ruchu